| Tag |
First Indicator |
Second Indicator |
Subfields |
| LEADER |
00000cam a2200000 4500 |
| 001 |
in00000062109 |
| 005 |
20151008051649.0 |
| 008 |
790905s1938 cauacf 00010 eng d |
| 010 |
|
|
|a 39005676
|
| 035 |
|
|
|a (OCoLC)05341219
|
| 035 |
|
|
|9 AAG9275AM
|
| 040 |
|
|
|a VPI
|c VPI
|d TXA
|d UtOrBLW
|
| 049 |
|
|
|a TXAM
|c [461442]
|
| 050 |
0 |
0 |
|a F865
|b .M964
|
| 051 |
|
|
|a F865
|b .M964
|c Copy 2
|
| 082 |
0 |
|
|a 923.4173
|
| 092 |
|
|
|a 364.155
|b C973t
|
| 100 |
1 |
|
|a Cunningham, James Charles,
|d 1870-
|
| 245 |
1 |
4 |
|a The truth about Murietta ;
|b anecdotes and facts related by those who knew him and disbelieve his capture /
|c by J. C. Cunningham.
|
| 264 |
|
1 |
|a Los Angeles, Calif. :
|b Wetzel Pub. Co.,
|c [1938]
|
| 264 |
|
4 |
|c [©1938]
|
| 300 |
|
|
|a 5 preliminary leaves, 13-286 pages :
|b plates, portraits ;
|c 19 cm.
|
| 336 |
|
|
|a text
|b txt
|2 rdacontent
|
| 337 |
|
|
|a unmediated
|b n
|2 rdamedia
|
| 338 |
|
|
|a volume
|b nc
|2 rdacarrier
|
| 600 |
1 |
0 |
|a Murieta, Joaquín,
|d -1853.
|
| 650 |
|
0 |
|a Crime
|z United States.
|
| 650 |
|
0 |
|a Criminals
|z United States.
|
| 999 |
|
|
|a MARS
|
| 999 |
f |
f |
|s 2a91aa6d-34c6-3f1c-ad4f-663a616ccdd1
|i d5707b99-fd90-3281-a4e7-4b21feecb630
|t 0
|
| 952 |
f |
f |
|p ric
|a Texas A&M University
|b Rellis Campus
|c Joint Library Facility
|d Remote Storage
|t 0
|e F865 .M964
|h Library of Congress classification
|i unmediated -- volume
|m A14800812852
|
| 998 |
f |
f |
|a F865 .M964
|t 0
|l Remote Storage
|